| 000 | 00509 a2200193 4500 | ||
|---|---|---|---|
| 005 | 20260407144659.0 | ||
| 008 | 260407b |||||||| |||| 00| 0 eng d | ||
| 020 |
_a9781009594653 _c£ 27.99 |
||
| 040 | _aMAIN | ||
| 082 |
_a537 _bT613E |
||
| 100 | _aTong, David | ||
| 245 | _aElectromagnetism: Lectures on theoretical physics, V2 | ||
| 260 |
_bCambridge University Press _c2025 _aNew York |
||
| 300 | _axii, 437 | ||
| 650 | _aPhysics | ||
| 650 | _aElectricity | ||
| 650 | _aElectronics | ||
| 942 | _cBK | ||
| 999 |
_c397134 _d397134 |
||